000 00478cam a2200169ua 4500
041 _aeng
_h
082 _a941
_bGRE/SA
100 _aGreen, John Richard .
245 _aShort history of the English people, vol 1 /
_cJohn Richard Green.
_hTextual Documents
260 _aLondon :
_bJ M Dent and Sons Ltd ,
_c1960.
300 _a434 ; .
440 0 _aEveryman`s library,
_v727
_x;
490 0 _aEveryman`s library,
_v727
_x;
504 _a
942 _cBK
999 _c745
_d745